000 00676nam a22002297a 4500
999 _c321
_d321
003 AR-CdUCM
008 190222b ||||| |||| 00| 0 spa d
020 _a9681615271
040 _aMUNICIPALIDAD PROVINCIAL DEL CUSCO
_cBIBLIOTECA MUNICIPAL DEL CUSCO
082 _a869.15 /
_bF89
100 _aFuentes, Carlos
_91310
245 _aLa Muerte de Artemio Cruz /
260 _aMéxico, D.F :
_bFondo de Cultura Económica,
_c1983.
300 _a316 paginas ;
_c19 cm.
505 _aNovela
650 _aNovela Mexicana
_9860
650 _aDetalle y Lujo
_91311
650 _aEngaño
_91312
650 _aHombres
_9982
942 _2ddc
_cLIBROS
945 _aacv
_d2019-02-22